| 000 | 00617nam a2200157 a 4500 | ||
|---|---|---|---|
| 008 | 150825s2013 ||||||||||||||||| || u | ||
| 020 | _a9780099522850 | ||
| 050 | _aRA 693 Qua | ||
| 100 | _aQuammen, David | ||
| 245 | 1 | 0 |
_aSpillover: animal infections and the next human pandemic _cby David Quammen |
| 260 |
_aLondon: _bVintage Books _c2013 |
||
| 300 | _a587p. | ||
| 350 | _a46.01 | ||
| 650 | _aANIMALS AS CARRIERS OF DISEASES | ||
| 995 |
_aMICHAEL CHILUFYA SATA OPEN ACCESS _e903131 _FCBU-SCHOOL OF MEDICINE LIBRARY (Ndola) _I46.01 _jRA 693 Qua _M1 _UAVAILABLE _WAug 25, 2015 _y903131 _ZMedical Library Open Access Collection |
||
| 999 |
_c32738 _d32738 |
||